Ako treba skloňovať meno Goa

Bibliographic Details
Main Author: Ružička, Jozef, 1916-1989 (Author)
Format: Article
Language:Slovak
Subjects:

MARC

LEADER 00000nab a2200000 a 4500
001 vtls009155778
003 SK-MaSNL
005 20260304153935.0
008 250507c1960 xo |r|p|||||||000 b|slo
015 |a SNBRB2007/11  |2 snkbucl 
035 |a (uuid)606b2b4f-1036-4add-8f8b-9e3623344c87 
035 |a urn:nbn:sk:snk-abc2fw 
035 |a (urnnbn)urn:nbn:sk:snk:ar-002sl6 
038 |a SNKBUCL 
040 |a SNKBUCL  |b slo  |c SNKBUCL  |e AACR2 
041 0 |a slo 
044 |a xo  |c SK 
080 |a 811.162.4'367.622.12  |2 2001 
080 |a 81'366.622.12:811.162.4  |2 2001 
080 |a 811.162.4'366.2  |2 2001 
100 1 |a Ružička, Jozef,  |d 1916-1989  |4 aut  |9 86113 
245 1 0 |a Ako treba skloňovať meno Goa  |c Jozef Ružička 
504 |a Bibliogr. odkazy 
650 0 7 |a slovenčina  |2 SNKPH  |9 1350 
650 0 7 |a vlastné podstatné mená  |2 SNKPH  |9 23566 
650 0 7 |a skloňovanie  |2 SNKPH  |9 14577 
773 0 |t Slovenská reč  |g Roč. 25., č. 6 (1960), s. 353-356 
850 |a Slovenská národná knižnica 
852 |a Slovenská národná knižnica 
954 |a odborná, vedecká literatúra pôvodná (slovenská)  |2 lita 
958 |a article15 
958 |a OND 
958 |a NB 
958 |a EUIPO 
999 |c 2955608  |d 2957538